| 000 | 00638cad a22002175a 4500 | ||
|---|---|---|---|
| 001 | L159777 | ||
| 008 | 150226s2016 xxk f 000 0 eng d | ||
| 035 | _a(Sirsi) u159777 | ||
| 041 | 0 | _aeng | |
| 100 | 1 | _aCrates, Emma | |
| 245 | 0 | 0 | _aWaiting for the man |
| 260 | _c2016 | ||
| 490 |
_aModus _vMarch 2016, 14-18 (5) |
||
| 520 | _aDiscusses the influence of the UK's immigration rules on the skill shortages at all levels of the UK construction industry. | ||
| 590 | _aKA | ||
| 650 | 2 | 4 | _aSKILL SHORTAGES |
| 650 | 2 | 4 | _aIMMIGRATION |
| 651 | 4 | _aUnited Kingdom | |
| 690 | _aBUILT ENVIRONMENT-CONSTRUCTION MARKET | ||
| 942 |
_n0 _2ddc |
||
| 999 |
_c84981 _d84981 |
||